| 000 | 00617nam a22001937a 4500 | ||
|---|---|---|---|
| 999 |
_c4792 _d4792 |
||
| 003 | AR-CdUCM | ||
| 008 | 190311b ||||| |||| 00| 0 spa d | ||
| 040 |
_aMUNICIPALIDAD PROVINCIAL DEL CUSCO _cBIBLIOTECA MUNICIPAL DEL CUSCO |
||
| 082 |
_a869.5018 / _bA62 |
||
| 245 |
_aAntología de la poesía amorosa del Perú : _bprimera entrega / |
||
| 260 |
_aPerú : _bAmerica latina, _c1969. |
||
| 300 |
_a128 páginas ; _c17 cm. |
||
| 500 | _aDonación familia Nieto. | ||
| 650 |
_aPoesía peruana _9806 |
||
| 650 |
_aSiglo XX _98 |
||
| 700 |
_aMolina, Alfonso (compilador) _914799 |
||
| 942 |
_2ddc _cLIBROS |
||
| 945 | _aafb | ||